MARC

LEADER 00000nam0a2200000 4500
001 278788
005 20231101235139.0
020 |a RU  |b 86-60066 
035 |a (RuTPU)RU\TPU\book\302066 
090 |a 278788 
100 |a 20141215d1986 k y0rusy5003 ca 
101 0 |a rus 
102 |a BY 
105 |a y z 001zy 
200 1 |a Культура, философия и духовный мир человека: теоретико-методологический аспект  |f Т. И. Адуло  |g Академия наук Белорусской ССР (АН БССР), Институт философии и права 
210 |a Минск  |c Наука и техника  |d 1986 
215 |a 149 с. 
320 |a Библиогр.: с. 144-148 (131 назв.) 
606 1 |a Духовная культура  |2 stltpush  |3 (RuTPU)RU\TPU\subj\10243  |9 37352 
606 1 |a Общественное бытие и общественное сознание  |x Социальная философия  |2 stltpush  |3 (RuTPU)RU\TPU\subj\46656  |9 65773 
610 1 |a философия 
610 1 |a культура 
610 1 |a человек 
610 1 |a марксистско-ленинская философия 
610 1 |a научные знания 
610 1 |a социализм 
610 1 |a духовная культура 
686 |a Ю66  |v LBC/SL-A  |2 rubbk 
686 |a Ю662  |v LBC/SL-A  |2 rubbk 
700 1 |a Адуло  |b Т. И.  |g Тадеуш Иванович 
712 0 2 |a Академия наук Белорусской ССР (АН БССР)  |b Институт философии и права  |2 stltpush  |3 (RuTPU)RU\TPU\col\11901 
801 0 |a RU  |b RuMRKP  |c 19950704  |g psbo 
801 1 |a RU  |b 63413507  |c 20141215 
801 2 |a RU  |b 63413507  |c 20170413  |g RCR 
942 |c BK